Экспериментальное исследование фотонной компоненты прямых пучков и полей рассеяного излучения ускорителей заряженных частиц: диссертация на соискание ученой степени кандидата технических наук; Спец.01.04.20.

Bibliographic Details
Main Author: Лунев В. И. Владимир Иванович
Corporate Author: Томский политехнический институт (ТПИ) Научно-исследовательский институт ядерной физики (НИИ ЯФ)
Other Authors: Яковлев Б. М. (научный руководитель)
Language:Russian
Published: Томск, 1986
Subjects:
Format: Book
KOHA link:https://koha.lib.tpu.ru/cgi-bin/koha/opac-detail.pl?biblionumber=49121

MARC

LEADER 00000nbm0a2200000 4500
001 49121
005 20231031032505.0
035 |a (RuTPU)RU\TPU\book\51441 
090 |a 49121 
100 |a 20030325d1986 k y0rusy50 ca 
101 0 |a rus 
102 |a RU 
105 |a a m 001zy 
200 1 |a Экспериментальное исследование фотонной компоненты прямых пучков и полей рассеяного излучения ускорителей заряженных частиц  |e диссертация на соискание ученой степени кандидата технических наук  |e Спец.01.04.20.  |f В. И. Лунев  |g Томский политехнический институт (ТПИ), Научно-исследовательский институт ядерной физики (НИИ ЯФ) ; науч. рук. Б. М. Яковлев 
210 |a Томск  |d 1986 
215 |a 227 л.  |c ил. 
320 |a Библиогр.: с. 210-227 (165 назв.). 
610 1 |a физика 
610 1 |a пучки 
610 1 |a заряженные частицы 
610 1 |a ускорительная техника 
610 1 |a экспериментальные исследования 
610 1 |a фотоны 
610 1 |a поля 
610 1 |a рассеянное излучение 
610 1 |a диссертации 
675 |a 621.384.6(048)  |v 3 
686 |a 01.04.20.  |2 oksvnk 
700 1 |a Лунев  |b В. И.  |g Владимир Иванович 
702 1 |a Яковлев  |b Б. М.  |4 727 
712 0 2 |a Томский политехнический институт (ТПИ)  |b Научно-исследовательский институт ядерной физики (НИИ ЯФ)  |c (1975-1998)  |2 stltpush  |3 (RuTPU)RU\TPU\col\11922 
801 1 |a RU  |b 63413507  |c 20030325  |g PSBO 
801 2 |a RU  |b 63413507  |c 20080403  |g PSBO 
942 |c BK